| 000 | 00667cam a22002291 4500 | ||
|---|---|---|---|
| 008 | |||
| 090 | _aQK881 | ||
| 100 | 1 | _aStreet, H. E. | |
| 245 | 1 | 0 |
_aPlant metabolism, _cby H. E. Street. |
| 260 |
_aOxford : _bPergamon, _cc1963. |
||
| 300 |
_aix, 238 p. _billus. _c20 cm. |
||
| 440 | 4 |
_aThe Commonwealth and international library. _pBotany division |
|
| 504 | _aIncludes bibliographical references. | ||
| 500 | _aIncludes index. | ||
| 650 | 0 |
_aPlants _xMetabolism. |
|
| 907 |
_a.b10175143 _b19-09-05 _c12-09-05 |
||
| 003 | |||
| 005 | 20230123134107.0 | ||
| 040 | _cNUST | ||
| 049 | _aMAIN | ||
| 942 |
_cBOOKS _kQK881 |
||
| 999 |
_c159917 _d159917 |
||